Loading...
Kanal chilambu /
| Main Author: | |
|---|---|
| Format: | Printed Book |
| Language: | Malayalam |
| Published: |
Kottayam :
D. C. Books,
2018
|
| Subjects: |
| LEADER | 00554 a2200169 4500 | ||
|---|---|---|---|
| 008 | 190906b ||||| |||| 00| 0 mal d | ||
| 999 | |c 342677 |d 342677 | ||
| 020 | |c 9788126477500 | ||
| 082 | |a 851.623 KAN | ||
| 100 | |a Prabhavarma | ||
| 245 | |a Kanal chilambu / |c Prabhavarma | ||
| 260 | |b D. C. Books, |c 2018 |a Kottayam : | ||
| 300 | |a 88p. ; |c 21 cm. | ||
| 546 | |a Malayalam | ||
| 650 | |a Malayalam poetry | ||
| 942 | |2 ddc |c BK | ||
| 952 | |0 0 |1 0 |2 ddc |4 0 |6 851_623000000000000_KAN_M |7 0 |9 393186 |a UL |b UL |c ST1 |d 2019-08-09 |g 80.40 |l 0 |o 851.623 KAN M |p 100872 |r 2019-08-09 |v 120.00 |y BK | ||